000 00756nam a2200277 a 4500
003 AR-BaBNM
005 20251128210558.0
008 082120s2002 ||||||||||||||000 | spa||
020 _a84-8063-155-4
040 _cAR-BaBNM
100 1 _aCortés Rodríguez, Luis
245 0 0 _aLos procedimientos sintácticos en la construcción de textos
250 _a1ª ed.
260 _aBarcelona
_bEdiciones Octaedro
_c1996
300 _a188 p.
490 0 _aRecursos
500 _aContiene referencias bibliográficas
500 _aIndice de abreviaturas
650 4 _aESPAÑOL
650 4 _aSINTAXIS
650 4 _aANALISIS LINGUISTICO
650 4 _aGRAMATICA ESTRUCTURAL
700 1 _aLópez Muñoz, Esperanza
942 _cBK
998 _cMARTIN
999 _c16019
_d16019